000 00467cam a2200193ua 4500
020 _c1480/-
041 _aeng
_h
082 _a631.587
_bRAO/IR
100 _aRao, Y.p .
245 _aIrrigation technology: Theory and practice /
_cRao.Y.P.
_hTextual Documents
250 _a1 /
_b.
260 _aUdaipur :
_bATPA ,
_c2008.
300 _a ;
_e`.
365 _a1480/-
504 _a
700 1 _aBhakar, S.R .
942 _cBK
999 _c13090
_d13090